| 000 | 00791nam a22002297a 4500 | ||
|---|---|---|---|
| 999 |
_c14921 _d14921 |
||
| 003 | AR-CdUCM | ||
| 008 | 190425b ||||| |||| 00| 0 spa d | ||
| 020 | _a978-607-618-245-1 | ||
| 040 |
_aMUNICIPALIDAD PROVINCIAL DEL CUSCO _cBIBLIOTECA MUNICIPAL DEL CUSCO |
||
| 082 |
_aPI / 803 / _bI45 |
||
| 110 |
_aAuzou _933894 |
||
| 245 |
_aLas mil y una noches : _bAlí babá y los cuarenta ladrones, la historia de Alí el perezoso y el pez milagroso / |
||
| 260 |
_aMéxico : _bAuzou, _c2015. |
||
| 300 |
_c22 cm. _bIlustraciones, |
||
| 440 |
_aSilver dolphin en español _933895 |
||
| 500 | _aTexto no cuenta con numeración de página. | ||
| 650 |
_aLiteratura infantil _9588 |
||
| 650 |
_aHistorias _92725 |
||
| 650 |
_aInfante _933896 |
||
| 942 |
_2ddc _cLIBROS |
||
| 945 |
_arah _d25/04/2019 |
||